[Event "Irena Warakomska Memorial B"]
[Site "chessmanager.com"]
[Date "2018.08.03"]
[Round "3"]
[White "Bartoszewicz, Marcin"]
[Black "Koziej, Maciej"]
[Result "0-1"]
[Board "15"]
[WhiteElo "1907"]
[WhiteCountry "POL"]
[WhiteFideId "1131966"]
[WhiteEloChange "-7"]
[BlackElo "2027"]
[BlackTitle "FM"]
[BlackCountry "POL"]
[BlackFideId "1139347"]
[BlackEloChange "7"]

1. e4 {[%clk 1:30:30]} c5 {[%clk 1:30:30]} 2. Nf3 {[%clk 1:30:30]} Nc6 {[%clk
1:30:30]} 3. d4 {[%clk 1:30:30]} cxd4 {[%clk 1:30:30]} 4. Nxd4 {[%clk 1:30:30]}
e5 {[%clk 1:30:30]} 5. Nb5 {[%clk 1:30:30]} d6 {[%clk 1:30:30]} 6. N1c3 {[%clk
1:30:30]} a6 {[%clk 1:30:30]} 7. Na3 {[%clk 1:30:30]} b5 {[%clk 1:30:30]} 8. Nd5
{[%clk 1:30:30]} Nf6 {[%clk 1:30:30]} 9. Bg5 {[%clk 1:30:30]} Be7 {[%clk
1:30:30]} 10. Bxf6 {[%clk 1:30:30]} Bxf6 {[%clk 1:30:30]} 11. c3 {[%clk 1:30:30]}
Ne7 {[%clk 1:30:30]} 12. Nc2 {[%clk 1:30:30]} Nxd5 {[%clk 1:30:30]} 13. Qxd5
{[%clk 1:30:30]} Ra7 {[%clk 1:30:30]} 14. Nb4 {[%clk 1:30:30]} Qb6 {[%clk
1:30:30]} 15. Rd1 {[%clk 1:30:30]} Rd7 {[%clk 1:30:30]} 16. Qb3 {[%clk 1:30:30]}
Bb7 {[%clk 1:30:30]} 17. Nd5 {[%clk 1:30:30]} Qc5 {[%clk 1:30:30]} 18. Be2 {[%clk
1:30:30]} Bxd5 {[%clk 1:30:30]} 19. Rxd5 {[%clk 1:30:30]} Qc6 {[%clk 1:30:30]}
20. O-O {[%clk 1:30:30]} O-O {[%clk 1:30:30]} 21. Rfd1 {[%clk 1:30:30]} Be7
{[%clk 1:30:30]} 22. c4 {[%clk 1:30:30]} bxc4 {[%clk 1:30:30]} 23. Qxc4 {[%clk
1:30:30]} Qb6 {[%clk 1:30:30]} 24. b3 {[%clk 1:30:30]} Rc7 {[%clk 1:30:30]} 25.
Qxa6 {[%clk 1:30:30]} Qxa6 {[%clk 1:30:30]} 26. Bxa6 {[%clk 1:30:30]} Ra8 {[%clk
1:30:30]} 27. Bc4 {[%clk 1:30:30]} Rxa2 {[%clk 1:30:30]} 28. g3 {[%clk 1:30:30]}
g6 {[%clk 1:30:30]} 29. R5d3 {[%clk 1:30:30]} Kg7 {[%clk 1:30:30]} 30. Rf3 {[%clk
1:30:30]} f6 {[%clk 1:30:30]} 31. Rd5 {[%clk 1:30:30]} Rb2 {[%clk 1:30:30]} 32.
Ra5 {[%clk 1:30:30]} Kh6 {[%clk 1:30:30]} 33. Kg2 {[%clk 1:30:30]} Rd2 {[%clk
1:30:30]} 34. g4 {[%clk 1:30:30]} Kg5 {[%clk 1:30:30]} 35. Kg3 {[%clk 1:30:30]}
h5 {[%clk 1:30:30]} 36. h4+ {[%clk 1:30:30]} Kh6 {[%clk 1:30:30]} 37. gxh5 {[%clk
1:30:30]} Kxh5 {[%clk 1:30:30]} 38. Ra8 {[%clk 1:30:30]} Kh6 {[%clk 1:30:30]} 39.
Kg4 {[%clk 1:30:30]} Rd4 {[%clk 1:30:30]} 40. Re3 {[%clk 1:30:30]} f5+ {[%clk
1:30:30]} 41. Kh3 {[%clk 1:30:30]} Rxe4 {[%clk 1:30:30]} 42. Rxe4 {[%clk
1:30:30]} fxe4 {[%clk 1:30:30]} 43. Kg4 {[%clk 1:30:30]} Kg7 {[%clk 1:30:30]} 44.
h5 {[%clk 1:30:30]} gxh5+ {[%clk 1:30:30]} 45. Kxh5 {[%clk 1:30:30]} Kf6 {[%clk
1:30:30]} 46. Bd5 {[%clk 1:30:30]} Rc2 {[%clk 1:30:30]} 47. Bxe4 {[%clk 1:30:30]}
Rxf2 {[%clk 1:30:30]} 48. Ra4 {[%clk 1:30:30]} Ke6 {[%clk 1:30:30]} 49. Bh7
{[%clk 1:30:30]} Rh2+ {[%clk 1:30:30]} 50. Kg6 {[%clk 1:30:30]} Rg2+ {[%clk
1:30:30]} 51. Kh5 {[%clk 1:30:30]} d5 {[%clk 1:30:30]} 52. Rg4 {[%clk 1:30:30]}
Rh2+ {[%clk 1:30:30]} 53. Kg6 {[%clk 1:30:30]} e4 {[%clk 1:30:30]} 54. Bg8+
{[%clk 1:30:30]} Kd6 {[%clk 1:30:30]} 55. Kf5 {[%clk 1:30:30]} Rf2+ {[%clk
1:30:30]} 0-1

[Event "Irena Warakomska Memorial B"]
[Site "chessmanager.com"]
[Date "2018.08.03"]
[Round "3"]
[White "Gawronski, Miroslaw"]
[Black "Milchenko, Valerii"]
[Result "1-0"]
[Board "16"]
[WhiteElo "2058"]
[WhiteCountry "POL"]
[WhiteFideId "1106180"]
[WhiteEloChange "4"]
[BlackElo "1825"]
[BlackCountry "RUS"]
[BlackFideId "34174491"]
[BlackEloChange "-4"]

1. d4 {[%clk 1:30:30]} Nf6 {[%clk 1:30:30]} 2. Nf3 {[%clk 1:30:30]} e6 {[%clk
1:30:30]} 3. Bf4 {[%clk 1:30:30]} b6 {[%clk 1:30:30]} 4. e3 {[%clk 1:30:30]} Bb7
{[%clk 1:30:30]} 5. h3 {[%clk 1:30:30]} Be7 {[%clk 1:30:30]} 6. Be2 {[%clk
1:30:30]} d6 {[%clk 1:30:30]} 7. O-O {[%clk 1:30:30]} Nbd7 {[%clk 1:30:30]} 8. c4
{[%clk 1:30:30]} Nf8 {[%clk 1:30:30]} 9. Nc3 {[%clk 1:30:30]} Ng6 {[%clk
1:30:30]} 10. Bh2 {[%clk 1:30:30]} O-O {[%clk 1:30:30]} 11. Rc1 {[%clk 1:30:30]}
Nd7 {[%clk 1:30:30]} 12. b4 {[%clk 1:30:30]} f5 {[%clk 1:30:30]} 13. Qb3 {[%clk
1:30:30]} c6 {[%clk 1:30:30]} 14. Rfd1 {[%clk 1:30:30]} h6 {[%clk 1:30:30]} 15.
a4 {[%clk 1:30:30]} Qe8 {[%clk 1:30:30]} 16. d5 {[%clk 1:30:30]} f4 {[%clk
1:30:30]} 17. dxc6 {[%clk 1:30:30]} Bxc6 {[%clk 1:30:30]} 18. Nd4 {[%clk
1:30:30]} f3 {[%clk 1:30:30]} 19. Nxc6 {[%clk 1:30:30]} fxe2 {[%clk 1:30:30]} 20.
Nxe2 {[%clk 1:30:30]} Bh4 {[%clk 1:30:30]} 21. Bg3 {[%clk 1:30:30]} Nc5 {[%clk
1:30:30]} 22. bxc5 {[%clk 1:30:30]} Qxc6 {[%clk 1:30:30]} 23. Rxd6 {[%clk
1:30:30]} Qxc5 {[%clk 1:30:30]} 24. Rxe6 {[%clk 1:30:30]} Bxg3 {[%clk 1:30:30]}
25. Nxg3 {[%clk 1:30:30]} Nh4 {[%clk 1:30:30]} 26. Ne4 {[%clk 1:30:30]} Qf5
{[%clk 1:30:30]} 27. c5 {[%clk 1:30:30]} Kh8 {[%clk 1:30:30]} 28. c6 {[%clk
1:30:30]} Rfe8 {[%clk 1:30:30]} 29. Rxe8+ {[%clk 1:30:30]} Rxe8 {[%clk 1:30:30]}
30. Ng3 {[%clk 1:30:30]} Qf6 {[%clk 1:30:30]} 31. c7 {[%clk 1:30:30]} Rf8 {[%clk
1:30:30]} 32. Qc2 {[%clk 1:30:30]} Rc8 {[%clk 1:30:30]} 33. Qe4 {[%clk 1:30:30]}
Ng6 {[%clk 1:30:30]} 34. Qg4 {[%clk 1:30:30]} Ne7 {[%clk 1:30:30]} 35. Qd7 {[%clk
1:30:30]} Qe5 {[%clk 1:30:30]} 36. Rc4 {[%clk 1:30:30]} Kh7 {[%clk 1:30:30]} 37.
Kh2 {[%clk 1:30:30]} h5 {[%clk 1:30:30]} 38. f4 {[%clk 1:30:30]} Qd5 {[%clk
1:30:30]} 39. Rd4 {[%clk 1:30:30]} Qc5 {[%clk 1:30:30]} 40. Nxh5 {[%clk 1:30:30]}
Rxc7 {[%clk 1:30:30]} 41. Qg4 {[%clk 1:30:30]} Nf5 {[%clk 1:30:30]} 42. Rd8
{[%clk 1:30:30]} Rf7 {[%clk 1:30:30]} 43. Re8 {[%clk 1:30:30]} Nh6 {[%clk
1:30:30]} 44. Qd1 {[%clk 1:30:30]} Qc6 {[%clk 1:30:30]} 45. Qd8 {[%clk 1:30:30]}
Qc5 {[%clk 1:30:30]} 46. Ng3 {[%clk 1:30:30]} Rc7 {[%clk 1:30:30]} 47. Ne4 {[%clk
1:30:30]} Qc4 {[%clk 1:30:30]} 48. Ng5+ {[%clk 1:30:30]} Kg6 {[%clk 1:30:30]} 49.
Qd6+ {[%clk 1:30:30]} Kh5 {[%clk 1:30:30]} 50. g4+ {[%clk 1:30:30]} Nxg4+ {[%clk
1:30:30]} 51. hxg4+ {[%clk 1:30:30]} Kh4 {[%clk 1:30:30]} 52. Nf3+ {[%clk
1:30:30]} 1-0

[Event "Irena Warakomska Memorial B"]
[Site "chessmanager.com"]
[Date "2018.08.03"]
[Round "3"]
[White "Szalko, Maciej"]
[Black "Bien, Janusz"]
[Result "1/2-1/2"]
[Board "17"]
[WhiteElo "1857"]
[WhiteCountry "POL"]
[WhiteFideId "1145614"]
[WhiteEloChange "3"]
[BlackElo "1976"]
[BlackCountry "POL"]
[BlackFideId "1137921"]
[BlackEloChange "-3"]

1. d4 {[%clk 1:30:30]} Nf6 {[%clk 1:30:30]} 2. Nf3 {[%clk 1:30:30]} e6 {[%clk
1:30:30]} 3. g3 {[%clk 1:30:30]} Be7 {[%clk 1:30:30]} 4. Bg2 {[%clk 1:30:30]} O-O
{[%clk 1:30:30]} 5. O-O {[%clk 1:30:30]} d5 {[%clk 1:30:30]} 6. c4 {[%clk
1:30:30]} c6 {[%clk 1:30:30]} 7. Qc2 {[%clk 1:30:30]} Nbd7 {[%clk 1:30:30]} 8.
Nbd2 {[%clk 1:30:30]} b6 {[%clk 1:30:30]} 9. Rd1 {[%clk 1:30:30]} Bb7 {[%clk
1:30:30]} 10. b3 {[%clk 1:30:30]} Rc8 {[%clk 1:30:30]} 11. Bb2 {[%clk 1:30:30]}
c5 {[%clk 1:30:30]} 12. Rac1 {[%clk 1:30:30]} cxd4 {[%clk 1:30:30]} 13. Nxd4
{[%clk 1:30:30]} Qc7 {[%clk 1:30:30]} 14. Qb1 {[%clk 1:30:30]} dxc4 {[%clk
1:30:30]} 15. e4 {[%clk 1:30:30]} c3 {[%clk 1:30:30]} 16. Bxc3 {[%clk 1:30:30]}
Qb8 {[%clk 1:30:30]} 17. Nc4 {[%clk 1:30:30]} Qa8 {[%clk 1:30:30]} 18. f3 {[%clk
1:30:30]} Ba6 {[%clk 1:30:30]} 19. Bh3 {[%clk 1:30:30]} Bxc4 {[%clk 1:30:30]} 20.
bxc4 {[%clk 1:30:30]} Bc5 {[%clk 1:30:30]} 21. Kh1 {[%clk 1:30:30]} Bxd4 {[%clk
1:30:30]} 22. Bxd4 {[%clk 1:30:30]} Rfd8 {[%clk 1:30:30]} 23. Qb2 {[%clk
1:30:30]} Ne8 {[%clk 1:30:30]} 24. a4 {[%clk 1:30:30]} Nc5 {[%clk 1:30:30]} 25.
a5 {[%clk 1:30:30]} bxa5 {[%clk 1:30:30]} 26. Qa3 {[%clk 1:30:30]} Qc6 {[%clk
1:30:30]} 27. Bf1 {[%clk 1:30:30]} f6 {[%clk 1:30:30]} 28. Bh3 {[%clk 1:30:30]}
Kf7 {[%clk 1:30:30]} 29. Rb1 {[%clk 1:30:30]} Nd6 {[%clk 1:30:30]} 30. Qxa5
{[%clk 1:30:30]} Qc7 {[%clk 1:30:30]} 31. Qa2 {[%clk 1:30:30]} Rb8 {[%clk
1:30:30]} 32. Qa3 {[%clk 1:30:30]} Ndb7 {[%clk 1:30:30]} 33. Be3 {[%clk 1:30:30]}
Rxd1+ {[%clk 1:30:30]} 34. Rxd1 {[%clk 1:30:30]} a5 {[%clk 1:30:30]} 35. Rb1
{[%clk 1:30:30]} Ra8 {[%clk 1:30:30]} 36. Rb5 {[%clk 1:30:30]} Nd7 {[%clk
1:30:30]} 37. c5 {[%clk 1:30:30]} Qc6 {[%clk 1:30:30]} 38. Bf1 {[%clk 1:30:30]}
a4 {[%clk 1:30:30]} 39. Bc4 {[%clk 1:30:30]} Ra5 {[%clk 1:30:30]} 40. Qb4 {[%clk
1:30:30]} Ra7 {[%clk 1:30:30]} 41. Ba2 {[%clk 1:30:30]} Nd8 {[%clk 1:30:30]} 42.
Kg1 {[%clk 1:30:30]} Rb7 {[%clk 1:30:30]} 43. Bc4 {[%clk 1:30:30]} Ra7 {[%clk
1:30:30]} 44. Kf2 {[%clk 1:30:30]} a3 {[%clk 1:30:30]} 45. Ra5 {[%clk 1:30:30]}
1/2-1/2

[Event "Irena Warakomska Memorial B"]
[Site "chessmanager.com"]
[Date "2018.08.03"]
[Round "3"]
[White "Halas, Przemyslaw"]
[Black "Haliniak, Wojciech"]
[Result "1/2-1/2"]
[Board "18"]
[WhiteElo "1964"]
[WhiteCountry "POL"]
[WhiteFideId "1122029"]
[WhiteEloChange "-7"]
[BlackElo "1679"]
[BlackCountry "POL"]
[BlackFideId "21838461"]
[BlackEloChange "7"]

1. e4 {[%clk 1:30:30]} Nf6 {[%clk 1:30:30]} 2. Nc3 {[%clk 1:30:30]} e5 {[%clk
1:30:30]} 3. Nf3 {[%clk 1:30:30]} Nc6 {[%clk 1:30:30]} 4. a3 {[%clk 1:30:30]} d5
{[%clk 1:30:30]} 5. Bb5 {[%clk 1:30:30]} d4 {[%clk 1:30:30]} 6. Nxe5 {[%clk
1:30:30]} dxc3 {[%clk 1:30:30]} 7. Nxc6 {[%clk 1:30:30]} bxc6 {[%clk 1:30:30]} 8.
Bxc6+ {[%clk 1:30:30]} Bd7 {[%clk 1:30:30]} 9. Bxa8 {[%clk 1:30:30]} cxd2+ {[%clk
1:30:30]} 10. Bxd2 {[%clk 1:30:30]} Qxa8 {[%clk 1:30:30]} 11. O-O {[%clk
1:30:30]} Nxe4 {[%clk 1:30:30]} 12. Re1 {[%clk 1:30:30]} Bc5 {[%clk 1:30:30]} 13.
Be3 {[%clk 1:30:30]} Bxe3 {[%clk 1:30:30]} 14. Rxe3 {[%clk 1:30:30]} Be6 {[%clk
1:30:30]} 15. Qd4 {[%clk 1:30:30]} Nf6 {[%clk 1:30:30]} 16. Qc5 {[%clk 1:30:30]}
Qb7 {[%clk 1:30:30]} 17. Rae1 {[%clk 1:30:30]} Qb6 {[%clk 1:30:30]} 18. Qg5
{[%clk 1:30:30]} O-O {[%clk 1:30:30]} 19. b4 {[%clk 1:30:30]} Qd4 {[%clk
1:30:30]} 20. Qe5 {[%clk 1:30:30]} Qxe5 {[%clk 1:30:30]} 21. Rxe5 {[%clk
1:30:30]} Nd5 {[%clk 1:30:30]} 22. Rd1 {[%clk 1:30:30]} c6 {[%clk 1:30:30]} 23.
f3 {[%clk 1:30:30]} Ra8 {[%clk 1:30:30]} 24. Kf2 {[%clk 1:30:30]} Kf8 {[%clk
1:30:30]} 25. Rd3 {[%clk 1:30:30]} Ke7 {[%clk 1:30:30]} 26. c4 {[%clk 1:30:30]}
Nb6 {[%clk 1:30:30]} 27. Rd4 {[%clk 1:30:30]} Rd8 {[%clk 1:30:30]} 28. Ke3 {[%clk
1:30:30]} Rxd4 {[%clk 1:30:30]} 29. Kxd4 {[%clk 1:30:30]} Kd7 {[%clk 1:30:30]}
30. Ra5 {[%clk 1:30:30]} Nxc4 {[%clk 1:30:30]} 31. Rxa7+ {[%clk 1:30:30]} Kc8
{[%clk 1:30:30]} 32. Kc5 {[%clk 1:30:30]} Kb8 {[%clk 1:30:30]} 33. Re7 {[%clk
1:30:30]} Nxa3 {[%clk 1:30:30]} 34. Kxc6 {[%clk 1:30:30]} Nc2 {[%clk 1:30:30]}
35. b5 {[%clk 1:30:30]} Nb4+ {[%clk 1:30:30]} 36. Kd6 {[%clk 1:30:30]} Nd5 {[%clk
1:30:30]} 37. Re8+ {[%clk 1:30:30]} Kb7 {[%clk 1:30:30]} 38. Kc5 {[%clk 1:30:30]}
Kc7 $11 {[%clk 1:30:30]} 39. Ra8 {[%clk 1:30:30]} Kb7 {[%clk 1:30:30]} 40. Ra3
{[%clk 1:30:30]} Nb6 {[%clk 1:30:30]} 41. Ra1 {[%clk 1:30:30]} Nd7+ {[%clk
1:30:30]} 42. Kd6 {[%clk 1:30:30]} Kb6 {[%clk 1:30:30]} 43. Re1 {[%clk 1:30:30]}
Nf6 {[%clk 1:30:30]} 44. Rxe6 {[%clk 1:30:30]} fxe6 {[%clk 1:30:30]} 45. Kxe6
{[%clk 1:30:30]} Nh5 {[%clk 1:30:30]} 46. Kf7 {[%clk 1:30:30]} g5 {[%clk
1:30:30]} 47. Kg8 {[%clk 1:30:30]} Kxb5 {[%clk 1:30:30]} 48. Kxh7 {[%clk
1:30:30]} Nf4 {[%clk 1:30:30]} 49. g3 {[%clk 1:30:30]} Ng2 {[%clk 1:30:30]} 50.
Kg6 {[%clk 1:30:30]} Ne1 {[%clk 1:30:30]} 51. f4 {[%clk 1:30:30]} gxf4 {[%clk
1:30:30]} 52. gxf4 {[%clk 1:30:30]} Nf3 {[%clk 1:30:30]} 53. h3 {[%clk 1:30:30]}
Kc5 {[%clk 1:30:30]} 54. f5 {[%clk 1:30:30]} Kd6 {[%clk 1:30:30]} 55. f6 {[%clk
1:30:30]} Ke6 {[%clk 1:30:30]} 56. Kg7 {[%clk 1:30:30]} Ne5 {[%clk 1:30:30]} 57.
h4 {[%clk 1:30:30]} Nf7 {[%clk 1:30:30]} 58. h5 {[%clk 1:30:30]} Ng5 {[%clk
1:30:30]} 59. h6 {[%clk 1:30:30]} Nf7 {[%clk 1:30:30]} 60. h7 {[%clk 1:30:30]}
Nh8 {[%clk 1:30:30]} 61. Kxh8 {[%clk 1:30:30]} Kf7 {[%clk 1:30:30]} 1/2-1/2

[Event "Irena Warakomska Memorial B"]
[Site "chessmanager.com"]
[Date "2018.08.03"]
[Round "3"]
[White "Sapeta, Robert"]
[Black "Kwiecinski, Rafal"]
[Result "0-1"]
[Board "19"]
[WhiteElo "1960"]
[WhiteCountry "POL"]
[WhiteFideId "1118676"]
[WhiteEloChange "-18"]
[BlackElo "1459"]
[BlackCountry "POL"]
[BlackFideId "21008868"]
[BlackEloChange "18"]

1. d4 {[%clk 1:30:30]} f5 {[%clk 1:30:30]} 2. e4 {[%clk 1:30:30]} fxe4 {[%clk
1:30:30]} 3. Nc3 {[%clk 1:30:30]} Nf6 {[%clk 1:30:30]} 4. Bg5 {[%clk 1:30:30]} g6
{[%clk 1:30:30]} 5. Bc4 {[%clk 1:30:30]} c6 {[%clk 1:30:30]} 6. Qd2 {[%clk
1:30:30]} d5 {[%clk 1:30:30]} 7. Bb3 {[%clk 1:30:30]} Bf5 {[%clk 1:30:30]} 8. f3
{[%clk 1:30:30]} h5 {[%clk 1:30:30]} 9. O-O-O {[%clk 1:30:30]} Nbd7 {[%clk
1:30:30]} 10. h4 {[%clk 1:30:30]} a5 {[%clk 1:30:30]} 11. a4 {[%clk 1:30:30]} Qb6
{[%clk 1:30:30]} 12. Nge2 {[%clk 1:30:30]} exf3 {[%clk 1:30:30]} 13. gxf3 {[%clk
1:30:30]} O-O-O {[%clk 1:30:30]} 14. Rhe1 {[%clk 1:30:30]} e6 {[%clk 1:30:30]}
15. Nf4 {[%clk 1:30:30]} Re8 {[%clk 1:30:30]} 16. Re3 {[%clk 1:30:30]} Bb4 {[%clk
1:30:30]} 17. Qe2 {[%clk 1:30:30]} Re7 {[%clk 1:30:30]} 18. Nxe6 {[%clk 1:30:30]}
Bxc3 {[%clk 1:30:30]} 19. bxc3 {[%clk 1:30:30]} Rhh7 {[%clk 1:30:30]} 20. Nf8
{[%clk 1:30:30]} Rxe3 {[%clk 1:30:30]} 21. Qxe3 {[%clk 1:30:30]} Nxf8 {[%clk
1:30:30]} 22. Bxf6 {[%clk 1:30:30]} Ne6 {[%clk 1:30:30]} 23. Rg1 {[%clk 1:30:30]}
Kd7 {[%clk 1:30:30]} 24. c4 {[%clk 1:30:30]} Qb4 {[%clk 1:30:30]} 25. cxd5 {[%clk
1:30:30]} Qa3+ {[%clk 1:30:30]} 26. Kd2 {[%clk 1:30:30]} cxd5 {[%clk 1:30:30]}
27. Rb1 {[%clk 1:30:30]} Qd6 {[%clk 1:30:30]} 28. Be5 {[%clk 1:30:30]} Qc6 {[%clk
1:30:30]} 29. Rc1 {[%clk 1:30:30]} Re7 {[%clk 1:30:30]} 30. c4 {[%clk 1:30:30]}
dxc4 {[%clk 1:30:30]} 31. Rxc4 {[%clk 1:30:30]} Qb6 {[%clk 1:30:30]} 32. Qc3
{[%clk 1:30:30]} Ke8 {[%clk 1:30:30]} 33. Rc5 {[%clk 1:30:30]} Nxc5 {[%clk
1:30:30]} 34. dxc5 {[%clk 1:30:30]} Qd8+ {[%clk 1:30:30]} 35. Bd6 {[%clk
1:30:30]} Rh7 {[%clk 1:30:30]} 36. Qe5+ {[%clk 1:30:30]} Kd7 {[%clk 1:30:30]} 37.
Qd5 {[%clk 1:30:30]} Kc8 {[%clk 1:30:30]} 38. c6 {[%clk 1:30:30]} bxc6 {[%clk
1:30:30]} 39. Qxc6+ {[%clk 1:30:30]} Rc7 {[%clk 1:30:30]} 40. Qxc7+ {[%clk
1:30:30]} Qxc7 {[%clk 1:30:30]} 41. Bxc7 {[%clk 1:30:30]} Kxc7 {[%clk 1:30:30]}
42. Ke3 {[%clk 1:30:30]} Kd6 {[%clk 1:30:30]} 43. Kd4 {[%clk 1:30:30]} Bb1 {[%clk
1:30:30]} 44. Bd5 {[%clk 1:30:30]} g5 {[%clk 1:30:30]} 45. hxg5 {[%clk 1:30:30]}
h4 {[%clk 1:30:30]} 46. f4 {[%clk 1:30:30]} h3 {[%clk 1:30:30]} 47. Bf3 {[%clk
1:30:30]} Bc2 {[%clk 1:30:30]} 48. Ke3 {[%clk 1:30:30]} Bxa4 {[%clk 1:30:30]} 49.
g6 {[%clk 1:30:30]} Ke7 {[%clk 1:30:30]} 50. Kf2 {[%clk 1:30:30]} Bd7 {[%clk
1:30:30]} 51. Kg3 {[%clk 1:30:30]} Kf6 {[%clk 1:30:30]} 52. Be4 {[%clk 1:30:30]}
a4 {[%clk 1:30:30]} 53. Bb1 {[%clk 1:30:30]} a3 {[%clk 1:30:30]} 54. Kh2 {[%clk
1:30:30]} Bf5 {[%clk 1:30:30]} 55. Ba2 {[%clk 1:30:30]} Kxg6 {[%clk 1:30:30]} 56.
Kg3 {[%clk 1:30:30]} Kf6 {[%clk 1:30:30]} 57. Kh2 {[%clk 1:30:30]} Ke7 {[%clk
1:30:30]} 58. Kg3 {[%clk 1:30:30]} Kd6 {[%clk 1:30:30]} 59. Kh2 {[%clk 1:30:30]}
Kc5 {[%clk 1:30:30]} 60. Kg3 {[%clk 1:30:30]} Kd4 {[%clk 1:30:30]} 0-1

[Event "Irena Warakomska Memorial B"]
[Site "chessmanager.com"]
[Date "2018.08.03"]
[Round "3"]
[White "Pazdzior, Michal"]
[Black "Marinc, Damir"]
[Result "0-1"]
[Board "20"]
[WhiteElo "1656"]
[WhiteCountry "POL"]
[WhiteFideId "1135872"]
[WhiteEloChange "-3"]
[BlackElo "1931"]
[BlackCountry "SLO"]
[BlackFideId "14607344"]
[BlackEloChange "3"]

1. d4 {[%clk 1:30:30]} e6 {[%clk 1:30:30]} 2. c4 {[%clk 1:30:30]} f5 {[%clk
1:30:30]} 3. Nc3 {[%clk 1:30:30]} Nf6 {[%clk 1:30:30]} 4. Nf3 {[%clk 1:30:30]} d5
{[%clk 1:30:30]} 5. g3 {[%clk 1:30:30]} c6 {[%clk 1:30:30]} 6. Bg2 {[%clk
1:30:30]} Bd6 {[%clk 1:30:30]} 7. cxd5 {[%clk 1:30:30]} exd5 {[%clk 1:30:30]} 8.
O-O {[%clk 1:30:30]} Qe7 {[%clk 1:30:30]} 9. Bf4 {[%clk 1:30:30]} Nbd7 {[%clk
1:30:30]} 10. Bxd6 {[%clk 1:30:30]} Qxd6 {[%clk 1:30:30]} 11. Qd3 {[%clk
1:30:30]} Ne4 {[%clk 1:30:30]} 12. Nd2 {[%clk 1:30:30]} O-O {[%clk 1:30:30]} 13.
e3 {[%clk 1:30:30]} a5 {[%clk 1:30:30]} 14. a4 {[%clk 1:30:30]} b6 {[%clk
1:30:30]} 15. Rfe1 {[%clk 1:30:30]} Ndf6 {[%clk 1:30:30]} 16. f3 {[%clk 1:30:30]}
Ba6 {[%clk 1:30:30]} 17. Qc2 {[%clk 1:30:30]} Nxd2 {[%clk 1:30:30]} 18. Qxd2
{[%clk 1:30:30]} Rae8 {[%clk 1:30:30]} 19. Qc2 {[%clk 1:30:30]} g6 {[%clk
1:30:30]} 20. Rad1 {[%clk 1:30:30]} Re7 {[%clk 1:30:30]} 21. Bf1 {[%clk 1:30:30]}
Bb7 {[%clk 1:30:30]} 22. Qb3 {[%clk 1:30:30]} Qd8 {[%clk 1:30:30]} 23. e4 {[%clk
1:30:30]} fxe4 {[%clk 1:30:30]} 24. fxe4 {[%clk 1:30:30]} Rfe8 {[%clk 1:30:30]}
25. Bg2 {[%clk 1:30:30]} Kg7 {[%clk 1:30:30]} 26. e5 {[%clk 1:30:30]} Ng4 {[%clk
1:30:30]} 27. h3 {[%clk 1:30:30]} Nh6 {[%clk 1:30:30]} 28. g4 {[%clk 1:30:30]}
Ba6 {[%clk 1:30:30]} 29. Bf1 {[%clk 1:30:30]} Bc8 {[%clk 1:30:30]} 30. Rd2 {[%clk
1:30:30]} Rf7 {[%clk 1:30:30]} 31. Nd1 {[%clk 1:30:30]} Qh4 {[%clk 1:30:30]} 32.
Rf2 {[%clk 1:30:30]} Ree7 {[%clk 1:30:30]} 33. Ree2 {[%clk 1:30:30]} Ba6 {[%clk
1:30:30]} 34. Rxf7+ {[%clk 1:30:30]} Nxf7 {[%clk 1:30:30]} 35. Rf2 {[%clk
1:30:30]} Bxf1 {[%clk 1:30:30]} 36. Rxf1 {[%clk 1:30:30]} Ng5 {[%clk 1:30:30]}
37. Kg2 {[%clk 1:30:30]} h5 {[%clk 1:30:30]} 38. Qa3 {[%clk 1:30:30]} c5 {[%clk
1:30:30]} 39. gxh5 {[%clk 1:30:30]} Qe4+ {[%clk 1:30:30]} 40. Kg1 {[%clk
1:30:30]} Qxd4+ {[%clk 1:30:30]} 41. Nf2 {[%clk 1:30:30]} Rxe5 {[%clk 1:30:30]}
42. Qg3 {[%clk 1:30:30]} Qe3 {[%clk 1:30:30]} 43. Qg4 {[%clk 1:30:30]} Nxh3+
{[%clk 1:30:30]} 44. Qxh3 {[%clk 1:30:30]} Rg5+ {[%clk 1:30:30]} 0-1

[Event "Irena Warakomska Memorial B"]
[Site "chessmanager.com"]
[Date "2018.08.03"]
[Round "3"]
[White "Szczotka, Klara"]
[Black "Jankowiak, Piotr"]
[Result "1/2-1/2"]
[Board "21"]
[WhiteElo "1483"]
[WhiteCountry "POL"]
[WhiteFideId "21858845"]
[WhiteEloChange "8"]
[BlackElo "1902"]
[BlackCountry "POL"]
[BlackFideId "1185250"]
[BlackEloChange "-8"]

1. e4 {[%clk 1:30:30]} e5 {[%clk 1:30:30]} 2. Nf3 {[%clk 1:30:30]} Nc6 {[%clk
1:30:30]} 3. Bb5 {[%clk 1:30:30]} a6 {[%clk 1:30:30]} 4. Ba4 {[%clk 1:30:30]} Nf6
{[%clk 1:30:30]} 5. d3 {[%clk 1:30:30]} d6 {[%clk 1:30:30]} 6. c3 {[%clk
1:30:30]} Be7 {[%clk 1:30:30]} 7. Nbd2 {[%clk 1:30:30]} b5 {[%clk 1:30:30]} 8.
Bc2 {[%clk 1:30:30]} O-O {[%clk 1:30:30]} 9. h3 {[%clk 1:30:30]} d5 {[%clk
1:30:30]} 10. Qe2 {[%clk 1:30:30]} dxe4 {[%clk 1:30:30]} 11. dxe4 {[%clk
1:30:30]} Ne8 {[%clk 1:30:30]} 12. g4 {[%clk 1:30:30]} Nd6 {[%clk 1:30:30]} 13.
Nf1 {[%clk 1:30:30]} Be6 {[%clk 1:30:30]} 14. b3 {[%clk 1:30:30]} Nb7 {[%clk
1:30:30]} 15. Be3 {[%clk 1:30:30]} b4 {[%clk 1:30:30]} 16. Rd1 {[%clk 1:30:30]}
Qe8 {[%clk 1:30:30]} 17. c4 {[%clk 1:30:30]} Rd8 {[%clk 1:30:30]} 18. Ng3 {[%clk
1:30:30]} Rxd1+ {[%clk 1:30:30]} 19. Qxd1 {[%clk 1:30:30]} Bc5 {[%clk 1:30:30]}
20. Ke2 {[%clk 1:30:30]} Qc8 {[%clk 1:30:30]} 21. Nf5 {[%clk 1:30:30]} Rd8 {[%clk
1:30:30]} 22. Qa1 {[%clk 1:30:30]} Bxf5 {[%clk 1:30:30]} 23. exf5 {[%clk
1:30:30]} Nd4+ {[%clk 1:30:30]} 24. Bxd4 {[%clk 1:30:30]} Bxd4 {[%clk 1:30:30]}
25. Qc1 {[%clk 1:30:30]} Rd6 {[%clk 1:30:30]} 26. g5 {[%clk 1:30:30]} f6 {[%clk
1:30:30]} 27. gxf6 {[%clk 1:30:30]} Rxf6 {[%clk 1:30:30]} 28. Rg1 {[%clk
1:30:30]} Qf8 {[%clk 1:30:30]} 29. h4 {[%clk 1:30:30]} Nd6 {[%clk 1:30:30]} 30.
h5 {[%clk 1:30:30]} Nxf5 {[%clk 1:30:30]} 31. Qg5 {[%clk 1:30:30]} Bxf2 {[%clk
1:30:30]} 32. Rg2 {[%clk 1:30:30]} Bd4 {[%clk 1:30:30]} 33. Be4 {[%clk 1:30:30]}
Kh8 {[%clk 1:30:30]} 34. Kd3 {[%clk 1:30:30]} c5 {[%clk 1:30:30]} 35. Nxd4 {[%clk
1:30:30]} Nxd4 {[%clk 1:30:30]} 36. Qxe5 {[%clk 1:30:30]} Nf3 {[%clk 1:30:30]}
37. Bxf3 {[%clk 1:30:30]} Rxf3+ {[%clk 1:30:30]} 38. Ke4 {[%clk 1:30:30]} Rf6
{[%clk 1:30:30]} 39. Rg5 {[%clk 1:30:30]} Rf1 {[%clk 1:30:30]} 40. Qg3 {[%clk
1:30:30]} Rf6 {[%clk 1:30:30]} 41. Re5 {[%clk 1:30:30]} h6 {[%clk 1:30:30]} 42.
Qg4 {[%clk 1:30:30]} Kh7 {[%clk 1:30:30]} 43. Ke3 {[%clk 1:30:30]} Qd6 {[%clk
1:30:30]} 44. Qe4+ {[%clk 1:30:30]} Kg8 {[%clk 1:30:30]} 45. Qa8+ {[%clk
1:30:30]} Kh7 {[%clk 1:30:30]} 46. Qe4+ {[%clk 1:30:30]} Kg8 {[%clk 1:30:30]} 47.
Qa8+ {[%clk 1:30:30]} Kh7 {[%clk 1:30:30]} 48. Qe4+ {[%clk 1:30:30]} Kg8 {[%clk
1:30:30]} 49. Qa8+ {[%clk 1:30:30]} Kh7 {[%clk 1:30:30]} 1/2-1/2